Financovanie bývania má viacero možných riešení trh s úvermi má nové pravidlá, netýkajú sa však všetkých ponúk
Novela zákona o bankách a úprava parametrov hypotekárnych úverov. Rozdiel medzi úverom na bývanie a hypotekárnym úverom. Správne nastavenie úveru ako prevencia pred nesplácaním. Úveroví klienti a vernosť bankovej značke.
Guardado en:
| Autor principal: | |
|---|---|
| Formato: | Capítulo de libro |
| Lenguaje: | eslovaco |
| Materias: | |
| Etiquetas: |
Sin Etiquetas, Sea el primero en etiquetar este registro!
|
MARC
| LEADER | 00000naa a2200000 4500 | ||
|---|---|---|---|
| 001 | 0127114 | ||
| 005 | 20240502072441.0 | ||
| 041 | 0 | |a slo | |
| 044 | |a SK | ||
| 245 | 1 | 0 | |a Financovanie bývania má viacero možných riešení |b trh s úvermi má nové pravidlá, netýkajú sa však všetkých ponúk |c Pavel Škriniar |
| 520 | |a Novela zákona o bankách a úprava parametrov hypotekárnych úverov. Rozdiel medzi úverom na bývanie a hypotekárnym úverom. Správne nastavenie úveru ako prevencia pred nesplácaním. Úveroví klienti a vernosť bankovej značke. | ||
| 610 | 2 | 0 | |a banky |
| 610 | 2 | 0 | |a bankovníctvo |
| 610 | 2 | 0 | |a inštitúcie finančné |
| 610 | 2 | 0 | |a poradenstvo finančné |
| 610 | 2 | 0 | |a úver hypotekárny |
| 610 | 2 | 0 | |a úver spotrebiteľský |
| 610 | 2 | 0 | |a úver stavebný |
| 610 | 2 | 0 | |a sadzby úrokové |
| 610 | 2 | 0 | |a úrok z omeškania |
| 610 | 2 | 0 | |a splátky |
| 610 | 2 | 0 | |a klienti |
| 100 | 1 | |a Škriniar, Pavel, 1979- | |